Implementation of adaptive controllers on a PCD-PLC : Diplomová práca
Saved in:
| Main Author: | |
|---|---|
| Other Authors: | |
| Format: | Manuscript Book |
| Language: | English |
| Published: |
Trnava :
STU v Bratislave MtF KAIA,
1996
|
| Subjects: | |
| Tags: |
No Tags, Be the first to tag this record!
|
MARC
| LEADER | 00000ntm a22000003a 4500 | ||
|---|---|---|---|
| 001 | stu61343 | ||
| 005 | 20160719155116.6 | ||
| 008 | 010928s1996----xo------------------eng-d | ||
| 040 | |a STU |b slo | ||
| 041 | 0 | |a eng | |
| 044 | |a xo | ||
| 100 | 1 | |a Palman, Ivan |4 aut | |
| 245 | 1 | |a Implementation of adaptive controllers on a PCD-PLC : |b Diplomová práca | |
| 260 | |a Trnava : |b STU v Bratislave MtF KAIA, |c 1996 | ||
| 300 | |a 68 s |c výťah+príl | ||
| 650 | 7 | |a automatizácia výroby |2 stusub | |
| 650 | 7 | |a aplikovaná informatika a automatizácia v priemysle |2 stusub | |
| 700 | 1 | |a Saey, Philippe |4 xxx | |
| 996 | |b 284M033303 |c M*DP-1219 |l MMSKP |s P |a 0 |w stu61343_0001 | ||